Score 0/25 Timer 04:00
0 Plays Today
Letter Surname % Correct
KKirk
89.1%
FFlanders
86.1%
WWhite
80.1%
UUrkel
77.3%
PPierce
76.7%
BBanks
71.3%
TTaylor
65.3%
IIngalls
59%
SSchrute
56.8%
QQuagmire
52.1%
LLannister
48%
GGladstone
31.7%
YYork
28.2%
Letter Surname % Correct
HHofstadter
28%
EEriksen
25.5%
RReid
23.9%
NNylund
22.9%
ZZoidberg
22.5%
DDiNozzo
22.3%
AAvery
19.3%
CCooper
13.4%
JJarrah
9.4%
MMayfair
7.9%
OOsbourne
6%
VVanderwaal
5.4%

Today's Daily Dose

Word Ladder
Silence

Get the Picture
Philly Team Facts

You're not logged in!

Compare scores with friends on all Sporcle quizzes.
OR
Log In

Sporcle TV

Today on Sporcle TV


Watch our educational content, quiz creation guides, and fun videos on Sporcle TV.

Show Comments

Extras

Top Quizzes Today


Score Distribution

Your Account Isn't Verified!

In order to create a playlist on Sporcle, you need to verify the email address you used during registration. Go to your Sporcle Settings to finish the process.

Report this User

Report this user for behavior that violates our Community Guidelines.

Details: